Legislación sobre deuda pública : deuda exterior titulada /

La Secretaría de Hacienda y Crédito Público edita, con el presente libro, la legislación correspondiente a la deuda pública del Gobierno Federal. En los volúmenes segundo y tercero, presenta la legislación sobre la deuda exterior, constituída por dos grupos de obligaciones: los empréstitos represent...

Бүрэн тодорхойлолт

-д хадгалсан:
Номзүйн дэлгэрэнгүй
Байгууллагын зохиогч: México
Формат: Ном
Хэл сонгох:испани
Нөхцлүүд:
Шошгууд: Шошго нэмэх
Шошго байхгүй, Энэхүү баримтыг шошголох эхний хүн болох!

MARC

LEADER 00000nam^a2200000^a^4500
001 000122481
005 20250521000000.0
009 20260310094503.229
037 |a Acervo ITESO - Biblioteca 
041 |a ESP 
082 |a 343. 72037  |b MEX V. 3 
110 |a México 
240 1 1 |a [Legislación sobre deuda pública] 
240 1 1 |a [Leyes, etc.] 
245 1 0 |a Legislación sobre deuda pública :  |b deuda exterior titulada /  |c México. 
264 |a México :  |b Secretaría de Hacienda y Crédito Público, Dirección General de Crédito,  |c 1958 
300 |a 516 p. 
336 |a texto  |b txt  |2 rdacontenido 
337 |a sin mediación  |b n  |2 rdamedio 
338 |a volumen  |b nc  |2 rdasoporte 
520 |a La Secretaría de Hacienda y Crédito Público edita, con el presente libro, la legislación correspondiente a la deuda pública del Gobierno Federal. En los volúmenes segundo y tercero, presenta la legislación sobre la deuda exterior, constituída por dos grupos de obligaciones: los empréstitos representados por bonos y otras deudas externas. 
649 |a XX 
650 |a Deuda Pública -  |z México -  |x Leyes y Reglamentos 
650 |a Deuda Externa -  |z México -  |x Leyes y Reglamentos 
650 |a Derecho Económico -  |z México 
650 |a Derecho Público -  |z México 
910 |a Fondo Salvador Reynoso Reynoso 
920 |a Impresos - Libros 
930 |a Fondos Especiales 
905 |a 112 
901 |a 0800006684  |b IT2  |c ESP  |u 20250521 
902 |a https://opac.biblio.iteso.mx/vufind/Record/000122481